000 00456nam a2200181Ia 4500
001 10994
005 20260306161913.0
008 260306t1991||||xx |||||||||||||| ||spa||
041 _aESP
082 _a985
_bP34 V. 1
100 _aBonavia, Duccio
_eAUT
245 0 _aPerú hombre e historia:
_bde los orígenes al siglo XV
260 _c1991
300 _axiii, 586 páginas :
_c26 cm.
650 _aGEN
654 _aCHU
942 _cLIB
_dJUS
_fJUS
_2ddc
_n
999 _c10994
_d10994